Motivační program firmy - komplexní nástroj personálního řízení

Faktory pôsobiace v oblasti rozvoja ľudských zdrojov. Motivačný program a jeho náplň. Cafeleria systém. Motivačný program v personálnej práci. Praktické doporučenia pri zavádzaní motivačného programu.

Guardado en:
Detalles Bibliográficos
Autor principal: Olexa, F.
Formato: Capítulo de libro
Lenguaje:checo
Materias:
Etiquetas: Agregar Etiqueta
Sin Etiquetas, Sea el primero en etiquetar este registro!

MARC

LEADER 00000naa a2200000 4500
001 r025306
005 20230412082715.7
041 0 |a cze 
044 |a CZ 
245 1 0 |a Motivační program firmy - komplexní nástroj personálního řízení  |c F. Olexa 
520 |a Faktory pôsobiace v oblasti rozvoja ľudských zdrojov. Motivačný program a jeho náplň. Cafeleria systém. Motivačný program v personálnej práci. Praktické doporučenia pri zavádzaní motivačného programu. 
610 2 0 |a zdroje ľudské 
610 2 0 |a motivácia pracovná 
610 2 0 |a personalistika 
100 1 |a Olexa, F.